000 03906nam a2200361 4500
003 EC-UNACH
005 20250515164528.0
006 s||||gr|||| 00| 00
008 150116t9999 mx r gr 000 0 spa d
020 _a9789942098856
040 _aEC-UNACH
_cEC-UNACH
041 _aspa
082 0 4 _223
_a300
_bL017785
110 _aCentro Andino de Acción Popular (CAAP)
245 _aPensamiento agrario: derribando mitos. Una analogía de la obra de Fausto Jordán
250 _aPrimera edición
264 _aQuito – Ecuador
_bCAAP
_c2023
300 _a375 páginas
_bCuadros
_c14,5 X 21 cm
505 _aPresentación -- Semblanza -- Introducción -- Cronología comparada -- Antología -- I. Lecturas desde la Facultas de Economía (1955-1959). Productos agrícolas (cacao) (1955). El problema agrario en Ecuador (1956). Propuesta para la Asociación Escuela de Economía (1957). Supuestos para establecer el costo de producción del maíz en la cosecha de 1957 (parroquia Mulalillo, cantón Salcedo). Efectos de la distribución de la población ecuatoriana desde el punto de vista del desarrollo (1958). Desarrollo económico e industrialización (1958). Informe de tesis de grado de Fausto Jordán Bucheli (1959). -- II. Apuntes sobre el proceso de Reforma Agraria (1962-1995).- Proyecto en Ecuador del Fondo Especial de las Naciones Unidas: planificación para la recolonización de las haciendas administradas por la Asistencia Social (1962). Aspectos económicos de los reasentamientos (1962). Proyecto piloto especial de Reforma Agraria de la Conferencia Episcopal del Ecuador, CESA (1967). La Ley de Reforma Agraria: su repercusión en la estructura social y económica y consecuencias de sus efectos dinámicos (1967). Ecuador: impactos de la nueva legislación agraria (1994). Reformas vs. mercado de tierras, Ley de Desarrollo Agrario, tecnología agropecuaria, desarrollo rural (1995). -- III. Perspectiva comparativa España-Italia (1963).- Observaciones sobre políticas agrarias en España e Italia (1963). -- IV. Desarrollo rural en algunos países latinoamericanos: notas comparativas. Desarrollo rural en Bolivia (1991).- El derecho a la alimentación: ¿cómo practicarlo desde la exclusión? (2008). -- V. Notas y textos acerca del desarrollo rural y la economía agraria. Vivienda rural sin Reforma Agraria: tabú del desarrollo económico (1965).- El sector agropecuario del Ecuador (1973). Proyecto de desarrollo de las organizaciones campesinas del Litoral (1974). La agricultura en Ecuador (1977). Ecuador: situación agraria; apuntes para discusión (1978). El sector agropecuario y el desarrollo nacional: Ecuador (1990). INEDES: Alborada XXI (notas para la proyección) (2001). Proyecto de apoyo a la transformación y la comercialización de productos agrícolas (2004). Democracia para Penipe (2003). Carta a Javier Ponce (2013). -- VI. Sobre finanzas rurales.- Servicios a pequeños productores organizados: experiencias de financiamiento y crédito (1987)......... Bases para una estrategia de acción institucional: ECLOF-Ecuador (1994). Aprendiendo la creación participativa de tecnologías: presentación (1994). Finanzas rurales (2003). Manejo sostenible de la tierra (MST), adaptación y resiliencia al cambio climático y finanzas populares en Ecuador (2010). Historia de emprendedores (2017). Red de instituciones financieras de desarrollo (2018). -- Lista de abreviaturas.
650 _aCOSTO DE PRODUCCIÓN
650 _aNUEVA LEGISLACIÓN AGRARIA
650 _aTABÚ DEL DESARROLLO ECONÓMICO
650 _aFINANZAS RURALES
650 _aCAMBIO CLIMÁTICO
700 _aRegalado, Juan Fernando
700 _aJordán, Rosa
942 _2ddc
_c1
999 _c13580